000 00704nam a2200229Ia 4500
003 GCL
008 140319s9999 xx 000 0 ara d
020 _a3021215977
040 _aGCL /
_cGCL
082 0 4 _a213
_bم م
100 1 _aمأمون غريب
245 1 0 _aالمسلمون بين الازدهار والانكسار /
_cمأمون غريب
250 _aالاولى
260 _aالقاهرة :
_bمكتبة غريب ،
_c1960
300 _a159 ص ؛
_c24 سم
650 0 4 _aالاسلام
650 0 4 _aالفتوحات الاسلامية
650 0 4 _aانتشار الاسلام
650 0 4 _aالمسلمون
650 0 4 _aالحضارة الاسلامية
942 _2ddc
_cBK
999 _c5010
_d5010